Bibliographic reprints / (Record no. 459010)
[ view plain ]
| 000 -LEADER | |
|---|---|
| fixed length control field | 01025nam a2200325 a 4500 |
| 001 - CONTROL NUMBER | |
| control field | vtls001219807 |
| 003 - CONTROL NUMBER IDENTIFIER | |
| control field | NLI |
| 005 - DATE AND TIME OF LATEST TRANSACTION | |
| control field | 20210603150309.0 |
| 008 - FIXED-LENGTH DATA ELEMENTS--GENERAL INFORMATION | |
| fixed length control field | 120329s1988 ii b f000 0 eng |
| 020 ## - INTERNATIONAL STANDARD BOOK NUMBER | |
| Terms of availability | Rs. 10.00 |
| 039 #9 - LEVEL OF BIBLIOGRAPHIC CONTROL AND CODING DETAIL [OBSOLETE] | |
| Level of rules in bibliographic description | 201203302210 |
| Level of effort used to assign nonsubject heading access points | VLOAD |
| -- | 201203291712 |
| -- | siva123 |
| 040 ## - CATALOGING SOURCE | |
| Original cataloging agency | NLI |
| Language of cataloging | eng |
| Transcribing agency | Datasoft_IOD_S |
| Description conventions | AACR2 |
| 041 0# - LANGUAGE CODE | |
| Language code of text/sound track or separate title | eng |
| 044 ## - COUNTRY OF PUBLISHING/PRODUCING ENTITY CODE | |
| MARC country code | ii |
| 082 04 - DEWEY DECIMAL CLASSIFICATION NUMBER | |
| Classification number | 016.3 |
| 245 00 - TITLE STATEMENT | |
| Title | Bibliographic reprints / |
| Statement of responsibility, etc. | edited by Savitri Devi ; ccompiled by Savitri Devi [and] Kanchan Lata |
| 260 ## - PUBLICATION, DISTRIBUTION, ETC. | |
| Place of publication, distribution, etc. | New Delhi : |
| Name of publisher, distributor, etc. | National Social Science Documentation Centre, |
| Date of publication, distribution, etc. | 1988 |
| 300 ## - PHYSICAL DESCRIPTION | |
| Extent | viii, 210 p. ; |
| Dimensions | 27 cm. |
| 440 #0 - SERIES STATEMENT/ADDED ENTRY--TITLE | |
| Title | NASSDOC research information series ; |
| Volume/sequential designation | 71 |
| 9 (RLIN) | 129780 |
| 650 #0 - SUBJECT ADDED ENTRY--TOPICAL TERM | |
| Topical term or geographic name entry element | Social sciences |
| Form subdivision | Bibliography |
| 9 (RLIN) | 268748 |
| 700 1# - ADDED ENTRY--PERSONAL NAME | |
| Personal name | Devi, Savitri, |
| Relationship | edt |
| 9 (RLIN) | 255587 |
| 700 1# - ADDED ENTRY--PERSONAL NAME | |
| Personal name | Devi, Savitri, |
| Relationship | com |
| 9 (RLIN) | 255587 |
| 700 1# - ADDED ENTRY--PERSONAL NAME | |
| Personal name | Lata, Kanchan, |
| Relationship | com |
| 710 2# - ADDED ENTRY--CORPORATE NAME | |
| Corporate name or jurisdiction name as entry element | NASSDOC |
| 887 ## - NON-MARC INFORMATION FIELD | |
| Content of non-MARC field | |
| 901 ## - LOCAL DATA ELEMENT A, LDA (RLIN) | |
| a | 115883 date |
| b | 02.08.1989 |
| 9 | no.8 |
| 902 ## - LOCAL DATA ELEMENT B, LDB (RLIN) | |
| a | GP 016.3 B 471 |
| 942 ## - ADDED ENTRY ELEMENTS (KOHA) | |
| Source of classification or shelving scheme | Dewey Decimal Classification |
| Koha item type | Books |
| Withdrawn status | Lost status | Damaged status | Not for loan | Collection code | Home library | Current library | Shelving location | Date acquired | Total Checkouts | Full call number | Date last seen | Price effective from | Koha item type |
|---|---|---|---|---|---|---|---|---|---|---|---|---|---|
| Government Publications | National Library of India | National Library of India | Annexe Reading Room & Stack Division | GP 016.3 B 471 | 03/06/2021 | 03/06/2021 | Books |
